书目信息 |
| 题名: |
兜售快乐的天使迪士尼
|
|
| 作者: | 梁换林 编著 | |
| 分册: | ||
| 出版信息: | 长春 吉林出版集团有限责任公司 2014 |
|
| 页数: | 181页 | |
| 开本: | 23cm | |
| 丛书名: | ||
| 单 册: | ||
| 中图分类: | K837.125.38=533 , J997.12 , K837.125.38 | |
| 科图分类: | ||
| 主题词: | ||
| 电子资源: | ||
| ISBN: | 978-7-5534-4068-2 | |
| 000 | 00787nam0 2200253 450 | |
| 001 | 2371975091 | |
| 005 | 20231110095706.82 | |
| 010 | @a978-7-5534-4068-2@dCNY23.80 | |
| 100 | @a20151101d2014 em y0chiy50 ea | |
| 101 | 0 | @achi |
| 102 | @aCN@b220000 | |
| 105 | @ay z 000yd | |
| 200 | 1 | @a兜售快乐的天使迪士尼@Adou shou kuai le de tian shi di shi ni@f梁换林编著 |
| 210 | @a长春@c吉林出版集团有限责任公司@d2014 | |
| 215 | @a181页@d23cm | |
| 300 | @a和创造世界名牌的人一起放飞梦想 | |
| 600 | 0 | @a迪斯尼@c(Disney, Walt@f1901-1966)@x生平事迹 |
| 601 | 02 | @a迪斯尼公司@x企业管理@x经验 |
| 690 | @aK837.125.38=533@v5 | |
| 690 | @aJ997.12@v5 | |
| 690 | @aK837.125.38@v4 | |
| 701 | 0 | @a梁换林@Aliang huan lin@4编著 |
| 801 | 0 | @aCN@b安徽时代@c20230923 |
| 905 | @aBZT@dK837.125.38@e45 | |
| 兜售快乐的天使迪士尼/梁换林编著.-长春:吉林出版集团有限责任公司,2014 |
| 181页;23cm |
| 和创造世界名牌的人一起放飞梦想 |
| ISBN 978-7-5534-4068-2:CNY23.80 |
| ● |
| 相关链接 |
|
|
|
正题名:兜售快乐的天使迪士尼
索取号:K837.125.38/45
 
预约/预借
| 序号 | 登录号 | 条形码 | 馆藏地/架位号 | 状态 | 备注 |
| 1 | 2000923933 | 2000923933 | 第四书库/四30架B面4层4列/ [索取号:K837.125.38/45] | 在馆 | |
| 2 | 2000923934 | 2000923934 | 第四书库/四30架B面4层4列/ [索取号:K837.125.38/45] | 在馆 | |
| 3 | 2000923935 | 2000923935 | 第四书库/四30架B面4层4列/ [索取号:K837.125.38/45] | 在馆 | |
| 4 | 2000923936 | 2000923936 | 第四书库/四30架B面4层4列/ [索取号:K837.125.38/45] | 在馆 | |
| 5 | 2000923937 | 2000923937 | 第四书库/四30架B面4层4列/ [索取号:K837.125.38/45] | 在馆 | |
| 6 | 2000923938 | 2000923938 | 第四书库/四30架B面4层4列/ [索取号:K837.125.38/45] | 在馆 |